000 00969nas a2200289 4500
001 BR9214204
003 BR-BrBNA
005 20231205093601.0
007 ta
008 230509b bl.|||p| |||| 00| 00por d
040 _aBR-BrBNA
_bpor
_cBiblioteca Nacional de Agricultura
041 _a(Pt)
072 _aL53
100 1 _aSilva, L.A.F.
100 1 _aAlves, G.E.S.
100 1 _aCarneiro, M.I.
100 1 _aSilva, O.C.
245 1 _aAvaliacao do desempenho de rufioes equinos preparados atraves da amputacao parcial do penis
246 1 _aEvaluation of stallion teasers performance following partial amputation of the penis
650 _aCavalo
650 _aPenis
650 _aCirurgia
650 _aEficiencia Reprodutiva
773 0 _tArquivos da Escola de Medicina Veterinaria da Universidade Federal da Bahia (Brazil)
_xISSN 0100-2597
_g(1991), v. 14(1) p. 79-95
_wBR9214204
909 _a202311
_bLúcia
_c55
_dLúcia Elande
942 _2AGRIS
_n0
_cANA
999 _c139291
_d139291